000
00224nam a2200097Ia 4500
100
_a
Kay/F.X.
942
_c
BK
245
_a
Pneumatic Circuit Design
260
_b
MAchinerys Standard Reference Series
_c
2001
546
_a
ENGLISH
999
_c
18019
_d
18019